Statistics for Countries with Orange in their Flag

Click here to take the quiz!

General Stats

  • This quiz has been taken 497 times
  • The average score is 4 of 9

Answer Stats

Answer% Correct
Ireland
82%
India
75%
Ivory Coast
68%
Niger
58%
Bhutan
49%
Armenia
37%
Sri Lanka
37%
Zambia
24%
Marshall Islands
18%

Score Distribution

Percentile by Number Answered

Percent of People with Each Score

Your Score History

You have not taken this quiz